[Event "IV Torneo A Natale Vomero"]
[Site "Napoli ITA"]
[Date "2007.11.22"]
[Round "2"]
[White "Rosato, Luciano"]
[Black "Della Ragione, Achille"]
[Result "1-0"]
[WhiteElo "2216"]
[BlackElo "1997"]
[PlyCount "109"]
[EventDate "2007.11.15"]

1. d4 d5 2. c4 c6 3. e3 Bf5 4. Qb3 Qb6 5. cxd5 Qxb3 6. axb3 cxd5 7. Nc3 e6 8.
Nb5 Kd7 9. Rxa7 Rxa7 10. Nxa7 Bc2 11. Nf3 f6 12. Bb5+ Kc7 13. Ba4 Kb6 14. Kd2
Bxb3 15. Bxb3 Kxa7 16. Kd3 Nc6 17. Bd2 Bd6 18. e4 Nge7 19. Re1 Rd8 20. e5 fxe5
21. Nxe5 Nxe5+ 22. dxe5 Bc5 23. f4 Re8 24. Bd1 Kb8 25. Bg4 Nf5 26. Rc1 Bb6 27.
Bb4 Rc8 28. Rxc8+ Kxc8 29. Bd1 Ne3 30. Bf3 Kd7 31. g4 Nc4 32. b3 Na5 33. Bd1
Nc6 34. Bf8 g6 35. b4 Bd8 36. Kc3 Bc7 37. h4 Ke8 38. Bc5 Bd8 39. h5 g5 40. b5
Nb8 41. f5 Nd7 42. Bd6 Kf7 43. Bc2 h6 44. fxe6+ Kxe6 45. Bf5+ Kf7 46. Bxd7 Be7
47. Kd4 Bd8 48. Kxd5 b6 49. Bf5 Kg7 50. Bg6 Kg8 51. Ke6 Kg7 52. Kd7 Bf6 53.
exf6+ Kxf6 54. Bf5 Kf7 55. Kc6 1-0

[Event "IV Torneo A Natale Vomero"]
[Site "Napoli ITA"]
[Date "2007.11.22"]
[Round "2"]
[White "Schiappoli, Dario"]
[Black "Ficco, Corrado"]
[Result "1-0"]
[WhiteElo "1929"]
[BlackElo "2151"]
[PlyCount "45"]
[EventDate "2007.11.15"]

1. e4 e6 2. Nf3 d5 3. e5 c5 4. b4 b6 5. Ba3 Nh6 6. bxc5 bxc5 7. d4 Nd7 8. c3
Qa5 9. Qd2 Rb8 10. Bc1 Nf5 11. Bd3 cxd4 12. Bxf5 dxc3 13. Qc2 exf5 14. O-O Bc5
15. Nxc3 O-O 16. Bd2 Re8 17. Rfe1 Qc7 18. Rac1 d4 19. Na4 d3 20. Qc4 Bxf2+ 21.
Kxf2 Qxc4 22. Rxc4 Nxe5 23. Rxe5 1-0

[Event "IV Torneo A Natale Vomero"]
[Site "Napoli ITA"]
[Date "2007.11.29"]
[Round "3"]
[White "Capozzoli, Silvio"]
[Black "Gallo, Thomas Renato"]
[Result "1/2-1/2"]
[WhiteElo "1972"]
[BlackElo "1896"]
[PlyCount "54"]
[EventDate "2007.11.15"]

1. e4 e6 2. Qe2 d5 3. exd5 Qxd5 4. Nc3 Qd7 5. g3 Nc6 6. Bg2 Nd4 7. Qd1 Nf6 8.
d3 Be7 9. Nge2 c5 10. O-O O-O 11. Nf4 Rb8 12. Nce2 Nf5 13. Nc3 b6 14. Ne4 Bb7
15. b3 Rfd8 16. Bb2 Nd4 17. Ne2 e5 18. Nxd4 cxd4 19. Qe2 Nxe4 20. Bxe4 Bxe4 21.
Qxe4 Qe6 22. Rfe1 Rd5 23. f4 exf4 24. Qf3 Re5 25. Rxe5 Qxe5 26. gxf4 Qc5 27.
Qf2 Bf6 1/2-1/2

[Event "IV Torneo A Natale Vomero"]
[Site "Napoli ITA"]
[Date "2007.11.29"]
[Round "3"]
[White "Colucci, Stefano"]
[Black "Esposito, Rosario"]
[Result "1-0"]
[WhiteElo "1957"]
[BlackElo "1877"]
[PlyCount "149"]
[EventDate "2007.11.15"]

1. e4 c5 2. Nf3 e6 3. d3 Nc6 4. Nbd2 g6 5. g3 Bg7 6. Bg2 Nge7 7. O-O O-O 8. Re1
d6 9. Nf1 Rb8 10. c3 b5 11. d4 cxd4 12. cxd4 Bb7 13. Bg5 Qd7 14. Qd2 Rbc8 15.
Bh6 a5 16. Bxg7 Kxg7 17. Ne3 Rc7 18. Ng4 Ng8 19. Rac1 Rfc8 20. Qg5 Nb4 21. Rxc7
Rxc7 22. Bf1 h6 23. Qxb5 Qxb5 24. Bxb5 Nxa2 25. Bd3 f5 26. Ne3 fxe4 27. Bb1 Nb4
28. Nd2 d5 29. Nb3 Nd3 30. Bxd3 exd3 31. Nc5 Bc8 32. Nxd3 Ne7 33. Nc5 Nf5 34.
Nxf5+ exf5 35. Re5 a4 36. Rxd5 Ra7 37. Rd8 Ba6 38. Nxa4 Bd3 39. Nc5 Ra1+ 40.
Kg2 Bf1+ 41. Kf3 Bh3 42. Ne6+ Kf7 43. d5 Bg4+ 44. Kg2 Rd1 45. Rf8+ Ke7 46. Rh8
Rxd5 47. Nf4 Rd2 48. Nxg6+ Kf6 49. Nf4 Kg7 50. Rb8 Bd1 51. b4 Bc2 52. Kf3 Be4+
53. Ke3 Rb2 54. Ne6+ Kf6 55. Nc5 Ra2 56. Rb6+ Kg7 57. Ne6+ Kh7 58. Nc5 Ra3+ 59.
Kd4 Bf3 60. Ke5 Bg4 61. Nd7 Bh3 62. Nf6+ Kg7 63. Nh5+ Kh7 64. Nf4 Bg4 65. h3
Bd1 66. Kxf5 Rf3 67. Rb7+ Kg8 68. Kg6 Bc2+ 69. Kxh6 Rxf2 70. Rg7+ Kf8 71. b5
Rd2 72. Ne6+ Ke8 73. Ra7 Rd6 74. Ra6 Rd7 75. Ng7+ 1-0

[Event "IV Torneo A Natale Vomero"]
[Site "Napoli ITA"]
[Date "2007.11.29"]
[Round "3"]
[White "Della Ragione, Achille"]
[Black "Ricci, Giuseppe"]
[Result "1-0"]
[WhiteElo "1997"]
[BlackElo "1941"]
[PlyCount "75"]
[EventDate "2007.11.15"]

1. c4 Nf6 2. Nc3 g6 3. e4 d6 4. d3 Bg7 5. g3 c5 6. Bg2 O-O 7. Nge2 Nc6 8. O-O
a6 9. Rb1 Qc7 10. Bg5 e6 11. a3 Rb8 12. b4 cxb4 13. axb4 b5 14. cxb5 axb5 15.
d4 h6 16. Bd2 Bd7 17. f4 Rfd8 18. e5 Ne8 19. Qc1 Kh7 20. h4 Ne7 21. Ne4 Qb6 22.
Kh2 Rdc8 23. Qb2 Nf5 24. Rfc1 Rc4 25. Rxc4 bxc4 26. Kh3 d5 27. Nc5 Bc8 28. g4
Ne7 29. Ng3 Nc7 30. h5 Bf8 31. hxg6+ fxg6 32. f5 exf5 33. gxf5 Nxf5 34. Kh2
Nxd4 35. Qxd4 Bxc5 36. Qf4 Qe6 37. Qxh6+ Kg8 38. Rf1 {...} 1-0

[Event "IV Torneo A Natale Vomero"]
[Site "Napoli ITA"]
[Date "2007.11.29"]
[Round "3"]
[White "Ficco, Corrado"]
[Black "Pinto, Gaetano"]
[Result "1/2-1/2"]
[WhiteElo "2151"]
[BlackElo "2066"]
[PlyCount "193"]
[EventDate "2007.11.15"]

1. e4 d6 2. d4 Nf6 3. Nc3 e5 4. Nf3 Nbd7 5. Bc4 Be7 6. O-O O-O 7. Re1 c6 8. a4
b6 9. b3 Bb7 10. Bb2 a6 11. Qd2 Qc7 12. Bf1 Rfe8 13. Rad1 Rad8 14. g3 Bf8 15.
Bg2 b5 16. axb5 axb5 17. Nh4 Qb6 18. d5 cxd5 19. Nxd5 Nxd5 20. exd5 g6 21. Bc3
Ra8 22. Ra1 Rec8 23. Bh3 Qd8 24. Ba5 Qe8 25. Bb4 Rc7 26. f4 Rxa1 27. Rxa1 exf4
28. gxf4 Nf6 29. Bg2 Qc8 30. c3 Qg4 31. Nf3 Bxd5 32. Nd4 Re7 33. Rf1 Re8 34.
Kh1 Ne4 35. Qc2 Bh6 36. Bxd6 Nxc3 37. Bxd5 Nxd5 38. Qc6 Nf6 39. Be5 Rxe5 40.
fxe5 Qe4+ 41. Qxe4 Nxe4 42. Re1 Nc5 43. Rb1 b4 44. Kg2 Bg7 45. Nc6 Nd3 46. Kf3
Nxe5+ 47. Nxe5 Bxe5 48. h3 Kg7 49. Ke4 Bc3 50. Rd1 h5 51. Rd7 Kf6 52. Rc7 Ke6
53. Rc6+ Ke7 54. Kd5 Kd7 55. Ra6 Ke7 56. Ra7+ Kf6 57. Rc7 g5 58. Ke4 Kg6 59.
Rc6+ f6 60. Rc5 Be1 61. Kf3 Bc3 62. Ke4 Be1 63. Rc1 Bd2 64. Rc2 Be1 65. Re2 Bc3
66. Kd5 Kf5 67. Rf2+ Kg6 68. Ke4 Be1 69. Rf1 Bd2 70. Kd3 Bc3 71. Kc4 Kf7 72.
Kd5 Kg6 73. Ke4 Bd2 74. Rd1 Bc3 75. Rd6 Be1 76. Re6 Bd2 77. Kd5 Kf5 78. Re2 Bc3
79. Rf2+ Kg6 80. Ke6 Kg7 81. Kf5 h4 82. Ra2 Kf7 83. Ra7+ Kf8 84. Rb7 Ke8 85.
Ke6 Kf8 86. Re7 Bb2 87. Rf7+ Kg8 88. Rb7 Bc3 89. Kf5 Kf8 90. Kg6 Ke8 91. Kh6
Kf8 92. Kh7 Be1 93. Kg6 Bc3 94. Rf7+ Kg8 95. Re7 Kf8 96. Re4 Bb2 97. Rxb4
1/2-1/2

[Event "IV Torneo A Natale Vomero"]
[Site "Napoli ITA"]
[Date "2007.11.29"]
[Round "3"]
[White "Improta, Giovanni"]
[Black "Benedetto, Massimo"]
[Result "1/2-1/2"]
[WhiteElo "1918"]
[BlackElo "2032"]
[PlyCount "102"]
[EventDate "2007.11.15"]

1. g3 e5 2. d3 d5 3. Bg2 Nf6 4. c3 Bd6 5. Bg5 c6 6. e4 Qa5 7. Bxf6 gxf6 8. Qf3
Be6 9. Bh3 Bxh3 10. Nxh3 Nd7 11. exd5 cxd5 12. Nd2 h5 13. a4 h4 14. Nb3 Qb6 15.
Qxd5 hxg3 16. hxg3 f5 17. a5 Qc7 18. O-O-O Nf6 19. Qf3 Qd7 20. Ng5 Ke7 21. d4
e4 22. Qe2 Rag8 23. Rxh8 Rxh8 24. Qc4 Ke8 25. Nc5 Qc7 26. Qb5+ Qc6 27. Qb3 Qd5
28. c4 Qc6 29. Nxb7 Bc7 30. d5 Qa6 31. d6 Bxa5 32. Qa4+ Nd7 33. Nxa5 Rh5 34.
Nxf7 f4 35. Rd5 Rxd5 36. cxd5 Qf1+ 37. Kc2 Qd3+ 38. Kc1 Qf1+ 39. Qd1 Qxf2 40.
Ng5 f3 41. Nxe4 Qe3+ 42. Nd2 Nc5 43. Kb1 Qd4 44. Qe1+ Kf8 45. Qe7+ Kg8 46. d7
Nxd7 47. Qe8+ Nf8 48. Nc6 Qxd2 49. Ne7+ Kg7 50. Nf5+ Kg8 51. Qe4 Qd1+ 1/2-1/2

[Event "IV Torneo A Natale Vomero"]
[Site "Napoli ITA"]
[Date "2007.11.29"]
[Round "3"]
[White "Longobardi, Giuseppe"]
[Black "Rosato, Luciano"]
[Result "1/2-1/2"]
[WhiteElo "2017"]
[BlackElo "2216"]
[PlyCount "85"]
[EventDate "2007.11.15"]

1. c4 Nf6 2. g3 g6 3. Bg2 Bg7 4. Nf3 O-O 5. O-O d6 6. Nc3 Nc6 7. d4 e5 8. dxe5
dxe5 9. Qxd8 Rxd8 10. Bg5 Re8 11. Nd2 Nd4 12. e3 Ne6 13. Bxf6 Bxf6 14. Nd5 Bd8
15. b4 c6 16. Nc3 f5 17. c5 e4 18. Nc4 Bf6 19. Rac1 Nc7 20. Rfd1 Rb8 21. Bf1
Be6 22. Nd6 Red8 23. a3 Bxc3 24. Rxc3 Ne8 25. b5 Nxd6 26. cxd6 cxb5 27. Bxb5 a6
28. Bc4 Bxc4 29. Rxc4 Rd7 30. Rc7 Rbd8 31. Rdc1 Kf8 32. Rb1 b5 33. a4 Rxd6 34.
axb5 Rd1+ 35. Rxd1 Rxd1+ 36. Kg2 axb5 37. Rxh7 Ke8 38. h4 Kd8 39. Rb7 Rd5 40.
Rg7 Rd6 41. Rb7 Rd5 42. Rg7 Rd6 43. Rb7 1/2-1/2

[Event "IV Torneo A Natale Vomero"]
[Site "Napoli ITA"]
[Date "2007.12.06"]
[Round "4"]
[White "Chiummo, Sergio"]
[Black "Capozzoli, Silvio"]
[Result "1-0"]
[WhiteElo "1939"]
[BlackElo "1972"]
[PlyCount "45"]
[EventDate "2007.11.15"]

1. c4 e5 2. Nc3 d6 3. g3 f5 4. Bg2 Nf6 5. e3 Nc6 6. Nge2 Be7 7. d3 a6 8. O-O g5
9. f4 g4 10. fxe5 dxe5 11. Nd5 Bc5 12. b4 Nxd5 13. cxd5 Nxb4 14. d4 Be7 15.
dxe5 a5 16. Bb2 O-O 17. a3 Na6 18. Rc1 Nc5 19. Nf4 Rb8 20. d6 cxd6 21. Bd5+ Rf7
22. exd6 Qxd6 23. Qd4 1-0

[Event "IV Torneo A Natale Vomero"]
[Site "Napoli ITA"]
[Date "2007.12.06"]
[Round "4"]
[White "Esposito, Rosario"]
[Black "Improta, Giovanni"]
[Result "0-1"]
[WhiteElo "1877"]
[BlackElo "1918"]
[PlyCount "83"]
[EventDate "2007.11.15"]

1. d4 Nf6 2. c4 e5 3. dxe5 Ng4 4. Nf3 Bc5 5. e3 Nc6 6. Nc3 Ngxe5 7. Nxe5 Nxe5
8. Be2 O-O 9. a3 c6 10. b4 Bb6 11. c5 Bc7 12. Bb2 b5 13. Ne4 Nc4 14. Bxc4 bxc4
15. Qd4 f6 16. Qxc4+ Kh8 17. O-O a5 18. Rfd1 Ba6 19. Qb3 Qe8 20. Nd6 Qh5 21.
Rd2 Be2 22. Rc1 Bg4 23. Rd4 Be6 24. Qd1 Qg6 25. Qc2 Qg5 26. g3 axb4 27. axb4
Bxd6 28. Rxd6 Qh5 29. Rd4 Qf7 30. Rh4 h6 31. Qd2 Ra2 32. Ra1 Rfa8 33. Rxa2 Rxa2
34. Qc3 Qg6 35. Qc1 Bd5 36. Rf4 Qd3 37. Rd4 Qb3 38. Rxd5 Qxd5 39. Bd4 Qb3 40.
Qc3 Qb1+ 41. Kg2 Qe4+ 42. Kg1 {...} 0-1

[Event "IV Torneo A Natale Vomero"]
[Site "Napoli ITA"]
[Date "2007.12.06"]
[Round "4"]
[White "Gallo, Thomas Renato"]
[Black "Benedetto, Massimo"]
[Result "0-1"]
[WhiteElo "1896"]
[BlackElo "2032"]
[PlyCount "110"]
[EventDate "2007.11.15"]

1. d4 g6 2. c4 d6 3. Nc3 Bg7 4. g3 Nc6 5. Nf3 Bg4 6. e3 Qd7 7. Bg2 e5 8. dxe5
Nxe5 9. Qd5 Bxf3 10. Bxf3 c6 11. Qd1 Nxc4 12. Qb3 Ne5 13. Be2 d5 14. Bd2 f5 15.
O-O-O Nf6 16. Kb1 O-O 17. h3 b5 18. f4 Nc4 19. Bc1 Qe7 20. Rd3 b4 21. Nd1 Ne4
22. Rg1 a5 23. Qa4 Qe6 24. Qc2 Nc5 25. b3 Nxd3 26. bxc4 Nxc1 27. Kxc1 Qf6 28.
Kd2 Rfe8 29. Bf3 Rad8 30. Ke2 d4 31. Qb3 dxe3 32. Nxe3 c5 33. Bd5+ Kh8 34. Rd1
Qb2+ 35. Rd2 Qxb3 36. axb3 Bd4 37. Rd3 Kg7 38. Kf3 Rxe3+ 39. Rxe3 Bxe3 40. Kxe3
Kf6 41. g4 Re8+ 42. Kf3 Re1 43. Bc6 Rb1 44. Ba4 fxg4+ 45. hxg4 h5 46. gxh5 gxh5
47. Ke4 Rd1 48. f5 Rd4+ 49. Kf3 Kxf5 50. Kg3 h4+ 51. Kh3 Kg5 52. Kh2 Rd3 53.
Kh1 h3 54. Kh2 Kh4 55. Kh1 Kg3 0-1

[Event "IV Torneo A Natale Vomero"]
[Site "Napoli ITA"]
[Date "2007.12.06"]
[Round "4"]
[White "Pinto, Gaetano"]
[Black "Della Ragione, Achille"]
[Result "1/2-1/2"]
[WhiteElo "2066"]
[BlackElo "1997"]
[PlyCount "231"]
[EventDate "2007.11.15"]

1. d4 d5 2. c4 e6 3. Nc3 Nf6 4. cxd5 exd5 5. Bg5 Be7 6. Qc2 O-O 7. e3 c6 8. Bd3
Nbd7 9. Nge2 h6 10. Bh4 Re8 11. O-O Nf8 12. Rab1 Bg4 13. h3 Bxe2 14. Nxe2 Ne4
15. Bxe7 Qxe7 16. Bxe4 Qxe4 17. Qxe4 Rxe4 18. b4 a6 19. a4 Nd7 20. b5 axb5 21.
axb5 Ree8 22. bxc6 bxc6 23. Rb7 Red8 24. Rc1 Rac8 25. Nf4 Kf8 26. Nxd5 c5 27.
Rxd7 Rxd7 28. Nb6 Rdc7 29. Nxc8 Rxc8 30. dxc5 Ke7 31. Kf1 Kd7 32. Ke2 Kc6 33.
Ra1 Rc7 34. Kd3 Rd7+ 35. Kc4 Rd2 36. Ra6+ Kb7 37. Rb6+ Kc7 38. f4 Rxg2 39. Ra6
Kb7 40. Rd6 Kc7 41. Ra6 Kb7 42. Rb6+ Kc7 43. Rb3 Kc6 44. Rb6+ Kc7 45. Rb3 Kc6
46. Rb8 Rc2+ 47. Kd4 Rd2+ 48. Kc3 Rg2 49. Rc8+ Kd7 50. Rf8 f6 51. f5 Kc6 52.
Rc8+ Kd7 53. Rg8 Kc6 54. Kd4 Rd2+ 55. Ke4 Rg2 56. Kf3 Rg5 57. Kf4 Kxc5 58. Rd8
Kc6 59. e4 Rh5 60. Rd3 Rh4+ 61. Kg3 Rxe4 62. Kf3 Rc4 63. Kg3 Rc5 64. Kf4 Rc4+
65. Kg3 Ra4 66. Kf3 Rb4 67. Kg3 Rb5 68. Kf4 Rc5 69. Ra3 Kd7 70. Re3 Rc4+ 71.
Kg3 Kd8 72. Re2 Rd4 73. Re3 Rd5 74. Kf4 Rb5 75. Kg4 Re5 76. Ra3 Ke8 77. Ra8+
Kf7 78. Ra7+ Kg8 79. Ra8+ Kh7 80. Ra7 h5+ 81. Kxh5 Rxf5+ 82. Kg4 Rb5 83. Rc7
Kg6 84. Ra7 Kh6 85. Rc7 g6 86. Ra7 Rb4+ 87. Kg3 Kg5 88. Ra5+ f5 89. Rc5 Rb3+
90. Kg2 Re3 91. Ra5 Kf4 92. Ra4+ Re4 93. Ra3 Re2+ 94. Kf1 Rc2 95. Rb3 g5 96.
Ra3 Rb2 97. Rc3 Ra2 98. Rb3 Rh2 99. Ra3 Rd2 100. Rb3 Rd4 101. Kg2 Rd2+ 102. Kf1
Ke5 103. Re3+ Kf4 104. Ra3 Rd4 105. Kg2 Rc4 106. Rb3 Re4 107. Rf3+ Ke5 108. Rg3
Kf6 109. Rd3 g4 110. hxg4 Rxg4+ 111. Kf2 Kg5 112. Rg3 Kh4 113. Rxg4+ Kxg4 114.
Kg2 Kf4 115. Kf2 Ke4 116. Ke2 1/2-1/2

[Event "IV Torneo A Natale Vomero"]
[Site "Napoli ITA"]
[Date "2007.12.06"]
[Round "4"]
[White "Ricci, Giuseppe"]
[Black "De Rosa, Francesco"]
[Result "0-1"]
[WhiteElo "1941"]
[BlackElo "1911"]
[PlyCount "136"]
[EventDate "2007.11.15"]

1. e4 c5 2. Nf3 Nc6 3. d4 cxd4 4. Nxd4 e5 5. Nb5 d6 6. c4 Be7 7. Bd3 Be6 8. O-O
Rc8 9. Be3 a6 10. N5c3 Bg5 11. Bxg5 Qxg5 12. Re1 Nf6 13. Qb3 Nd4 14. Qd1 Bh3
15. Bf1 Nh5 16. Nd5 Bg4 17. Qd2 Qg6 18. Re3 Nf3+ 19. Rxf3 Bxf3 20. g3 Bxe4 21.
Nbc3 Bxd5 22. Qxd5 O-O 23. Qxb7 Rb8 24. Qxa6 Rxb2 25. Nd5 Qc2 26. Qa7 Nf6 27.
Nxf6+ gxf6 28. a4 Kg7 29. Qe3 Rb1 30. Rxb1 Qxb1 31. Kg2 Qb7+ 32. Kg1 Ra8 33.
Bd3 Rxa4 34. Be4 Qc8 35. Bd5 Qh3 36. Qc3 Qg4 37. Kg2 Ra2 38. c5 Ra7 39. c6 Qd4
40. Qb3 Qc5 41. Bf3 f5 42. Bd5 Ra5 43. Bxf7 Qxc6+ 44. Kh3 Ra7 45. Bd5 Qe8 46.
Qb6 Qe7 47. Qb8 Kh6 48. Kg2 Ra4 49. Qc8 Qf6 50. Be6 f4 51. Bd5 Rd4 52. Qh3+ Kg6
53. Qg4+ Kh6 54. Bf3 fxg3 55. Qh5+ Kg7 56. hxg3 Qg6 57. Qh3 Qf6 58. Qd7+ Qf7
59. Qd8 h6 60. Qc8 Rc4 61. Qa8 Rc2 62. Qe4 Rc3 63. Qg4+ Kf8 64. Be4 Rc4 65. Qe2
Rd4 66. Qc2 Qc4 67. f3 Qxc2+ 68. Bxc2 Rd2+ 0-1

[Event "IV Torneo A Natale Vomero"]
[Site "Napoli ITA"]
[Date "2007.12.06"]
[Round "4"]
[White "Rosato, Luciano"]
[Black "Colucci, Stefano"]
[Result "1-0"]
[WhiteElo "2216"]
[BlackElo "1957"]
[PlyCount "121"]
[EventDate "2007.11.15"]

1. d4 Nf6 2. c4 g6 3. Nc3 d5 4. cxd5 Nxd5 5. e4 Nxc3 6. bxc3 Bg7 7. Be3 c5 8.
Nf3 Qa5 9. Qd2 Nc6 10. Rc1 O-O 11. d5 Rd8 12. Bd3 Ne5 13. Nxe5 Bxe5 14. f4 Bg7
15. c4 Qa3 16. O-O Rd6 17. e5 Ra6 18. Rf2 e6 19. Rc3 Qa5 20. Rb3 b6 21. Qe2 Qa4
22. Bc1 Qe8 23. d6 Bd7 24. Be4 Rb8 25. h3 Qc8 26. Bd3 Ra4 27. a3 Qa6 28. g4 Re8
29. h4 Qc8 30. h5 Qd8 31. Rh2 Bc6 32. Qf1 f5 33. hxg6 hxg6 34. Bc2 Be4 35. Bxe4
fxe4 36. Qe2 Qd7 37. Qc2 Qc6 38. Rb5 Ra6 39. Re2 g5 40. Qxe4 Qxe4 41. Rxe4 gxf4
42. Kg2 Bh6 43. Kf3 Ra4 44. Rb3 Rf8 45. Rd3 Bg5 46. Rd1 Kg7 47. Rh1 Kg6 48. Rh5
Bh6 49. Rh3 Bg7 50. g5 a6 51. Kg4 b5 52. Bxf4 bxc4 53. Rc3 Kf7 54. Rexc4 Rxc4
55. Rxc4 Rc8 56. Kf3 Kg6 57. Ke4 Kf7 58. Be3 Rh8 59. Rxc5 Rh4+ 60. Bf4 Ke8 61.
Rc8+ 1-0

[Event "IV Torneo A Natale Vomero"]
[Site "Napoli ITA"]
[Date "2007.12.06"]
[Round "4"]
[White "Schiappoli, Dario"]
[Black "Longobardi, Giuseppe"]
[Result "0-1"]
[WhiteElo "1929"]
[BlackElo "2017"]
[PlyCount "73"]
[EventDate "2007.11.15"]

1. e4 e5 2. f4 d6 3. Bc4 Nf6 4. Nc3 Nc6 5. Nf3 Bg4 6. h3 Bxf3 7. Qxf3 Nd4 8.
Qd3 c6 9. a4 a5 10. O-O Be7 11. Nd1 Qb6 12. Kh2 exf4 13. c3 Nb3 14. Bxb3 Qxb3
15. Qf3 Qe6 16. Qxf4 Qxe4 17. Qxe4 Nxe4 18. Re1 Nc5 19. d4 Nb3 20. Rb1 Nxc1 21.
Rxc1 d5 22. Nf2 Kd7 23. Ng4 f6 24. Kg3 Bd6+ 25. Kf3 Rhe8 26. Ne3 Re6 27. Nf5
Rxe1 28. Rxe1 Bf8 29. g4 Re8 30. Rd1 g6 31. Ng3 Bh6 32. Nf1 Kd6 33. b4 axb4 34.
cxb4 b6 35. Kf2 Ra8 36. Ra1 c5 37. b5 $138 0-1

[Event "IV Torneo A Natale Vomero"]
[Site "Napoli ITA"]
[Date "2007.12.13"]
[Round "5"]
[White "Benedetto, Massimo"]
[Black "De Rosa, Francesco"]
[Result "1-0"]
[WhiteElo "2032"]
[BlackElo "1911"]
[PlyCount "79"]
[EventDate "2007.11.15"]

1. d4 Nf6 2. c4 c5 3. d5 d6 4. Nc3 g6 5. e4 Bg7 6. Be2 O-O 7. Nf3 e6 8. O-O
exd5 9. cxd5 Re8 10. Nd2 a6 11. a4 Nbd7 12. f4 Rb8 13. Qc2 Nb6 14. a5 Na8 15.
Nc4 b5 16. axb6 Nxb6 17. Na5 Qc7 18. Nc6 Ra8 19. Bd2 Nxe4 20. Nxe4 Bf5 21. Bf3
Nxd5 22. Na5 Bd4+ 23. Kh1 Rab8 24. Nc4 Bxe4 25. Bxe4 Nf6 26. Bf3 d5 27. Ba5 Qa7
28. Ne5 Rxb2 29. Qa4 Qb7 30. Rae1 Rb8 31. Nc6 Qb5 32. Qxb5 R8xb5 33. Bd8 Bc3
34. Rd1 Ne4 35. Ne7+ Kg7 36. Nxd5 Nf2+ 37. Rxf2 Rxf2 38. Nxc3 Rb3 39. Ne4 Rfb2
40. Bf6+ 1-0

[Event "IV Torneo A Natale Vomero"]
[Site "Napoli ITA"]
[Date "2007.12.13"]
[Round "5"]
[White "Della Ragione, Achille"]
[Black "Chiummo, Sergio"]
[Result "0-1"]
[WhiteElo "1997"]
[BlackElo "1939"]
[PlyCount "74"]
[EventDate "2007.11.15"]

1. c4 c5 2. Nc3 Nc6 3. g3 g6 4. Bg2 Bg7 5. d3 d6 6. e4 e5 7. Nge2 Nge7 8. O-O
O-O 9. a3 Rb8 10. Rb1 Be6 11. b4 b6 12. b5 Nd4 13. Nxd4 cxd4 14. Ne2 f5 15. f3
Kh8 16. Bd2 Ng8 17. Qc1 Nf6 18. a4 Nd7 19. Bb4 Qe7 20. Qa3 Nc5 21. a5 fxe4 22.
Bxc5 dxc5 23. fxe4 Bg4 24. Rb2 Rxf1+ 25. Bxf1 Bh6 26. h3 Be3+ 27. Kh2 Qf7 28.
Bg2 Bf3 29. Ng1 Bxg2 30. Rxg2 Rf8 31. h4 Qf1 32. Nh3 Qe1 33. axb6 Rf1 34. Ng1
Bxg1+ 35. Kh3 axb6 36. Qa7 Be3 37. Rh2 Bf4 0-1

[Event "IV Torneo A Natale Vomero"]
[Site "Napoli ITA"]
[Date "2007.12.13"]
[Round "5"]
[White "Esposito, Rosario"]
[Black "Gallo, Thomas Renato"]
[Result "1/2-1/2"]
[WhiteElo "1877"]
[BlackElo "1896"]
[PlyCount "59"]
[EventDate "2007.11.15"]

1. d4 Nf6 2. c4 d6 3. Nc3 g6 4. e4 Nbd7 5. f3 e5 6. d5 c6 7. Be3 cxd5 8. cxd5
a6 9. Bd3 Bg7 10. Nge2 O-O 11. O-O b6 12. a3 Nc5 13. Na2 Nxd3 14. Qxd3 Bd7 15.
Rac1 Bb5 16. Qd2 Nd7 17. Rc3 f5 18. Rfc1 fxe4 19. fxe4 Nc5 20. Ng3 Qh4 21. Qc2
Bh6 22. Bxh6 Qxh6 23. Re1 Ra7 24. b4 Nd7 25. a4 Bxa4 26. Qxa4 Qd2 27. Re2 Qd4+
28. Rce3 Nf6 29. Qc2 Ng4 30. Qc3 1/2-1/2

[Event "IV Torneo A Natale Vomero"]
[Site "Napoli ITA"]
[Date "2007.12.13"]
[Round "5"]
[White "Improta, Giovanni"]
[Black "Capozzoli, Silvio"]
[Result "0-1"]
[WhiteElo "1918"]
[BlackElo "1972"]
[PlyCount "65"]
[EventDate "2007.11.15"]

1. d4 Nf6 2. c4 d6 3. Nc3 e5 4. dxe5 dxe5 5. Qxd8+ Kxd8 6. Bg5 Be6 7. Rd1+ Nbd7
8. Nf3 Ke8 9. e3 Bb4 10. Bxf6 gxf6 11. Be2 Nc5 12. O-O Bxc3 13. bxc3 Ne4 14.
Rc1 Rd8 15. Rc2 Ke7 16. c5 Nxc5 17. Nd2 Bf5 18. e4 Nxe4 19. Nxe4 Bxe4 20. Rb2
b6 21. Re1 Rhg8 22. f3 Bb7 23. Bc4 Bxf3 24. Rf2 Rd1 25. Rxd1 Bxd1 26. Rd2 Bg4
27. Kf2 Be6 28. Bb5 Rd8 29. Rb2 Rd1 30. Ke3 Rc1 31. Kd2 Rg1 32. Bc6 Ra1 33. a4
0-1

[Event "IV Torneo A Natale Vomero"]
[Site "Napoli ITA"]
[Date "2007.12.13"]
[Round "5"]
[White "Iodice, Fabio"]
[Black "Nardiello, Luigi"]
[Result "1-0"]
[WhiteElo "1961"]
[BlackElo "1977"]
[PlyCount "92"]
[EventDate "2007.11.15"]

1. d4 Nf6 2. Nf3 g6 3. g3 Bg7 4. Bg2 O-O 5. O-O d5 6. Ne5 c6 7. c3 Bf5 8. Nd2
Nbd7 9. Nxd7 Qxd7 10. Re1 Rfe8 11. Nf3 Qc7 12. Bf4 Qb6 13. Qb3 Qxb3 14. axb3
Bc2 15. b4 Nd7 16. Rec1 Be4 17. Ne5 Bxe5 18. dxe5 Bxg2 19. Kxg2 f6 20. exf6
Nxf6 21. Be3 a6 22. f3 e5 23. h3 Rad8 24. Rd1 Rd7 25. Rd2 Nh5 26. Rad1 Ng7 27.
Bb6 Nf5 28. e4 Ne7 29. Bc5 Kf7 30. Bxe7 Rexe7 31. exd5 cxd5 32. Rxd5 Rxd5 33.
Rxd5 Ke6 34. Rd3 Kf5 35. Kf2 h6 36. Ke3 h5 37. Rd8 g5 38. Rd6 g4 39. fxg4+ hxg4
40. h4 Rf7 41. Rh6 Rd7 42. Rh5+ Kf6 43. Rg5 Rd1 44. Rxg4 Rb1 45. h5 Rxb2 46. h6
Rb3 1-0

[Event "IV Torneo A Natale Vomero"]
[Site "Napoli ITA"]
[Date "2007.12.13"]
[Round "5"]
[White "Longobardi, Giuseppe"]
[Black "Pinto, Gaetano"]
[Result "1-0"]
[WhiteElo "2017"]
[BlackElo "2066"]
[PlyCount "187"]
[EventDate "2007.11.15"]

1. d4 d5 2. c4 c6 3. Nc3 Nf6 4. Nf3 e6 5. e3 Nbd7 6. Bd3 Bd6 7. O-O O-O 8. e4
dxe4 9. Nxe4 Nxe4 10. Bxe4 Nf6 11. Bc2 c5 12. Bg5 h6 13. Bh4 cxd4 14. Qxd4 Be7
15. Qxd8 Rxd8 16. Rad1 Bd7 17. Ne5 Be8 18. Rxd8 Rxd8 19. Rd1 Rc8 20. Bd3 Rc5
21. f4 a5 22. b3 Kf8 23. Kf1 Rc8 24. Bf2 a4 25. Bd4 Nh5 26. g3 g5 27. f5 exf5
28. Bxf5 Rd8 29. Ng4 axb3 30. axb3 Rd6 31. Ke2 Ng7 32. Bc8 b5 33. Be5 Rc6 34.
Bb7 Rb6 35. Bd5 bxc4 36. bxc4 f5 37. Ne3 Bh5+ 38. Bf3 Bxf3+ 39. Kxf3 Bf6 40.
Bxf6 Rxf6 41. Ra1 Kf7 42. Ra7+ Kg6 43. Nd5 Rd6 44. Ne7+ Kf6 45. c5 Re6 46. Ng8+
Kg6 47. c6 Re8 48. Ne7+ Kf6 49. Nd5+ Ke5 50. Nb6 Ne6 51. c7 g4+ 52. Kf2 Nxc7
53. Rxc7 Re6 54. Nc4+ Kd4 55. Ne3 Re5 56. Rd7+ Ke4 57. Ng2 Re6 58. Nf4 Ra6 59.
Re7+ Kd4 60. Re6 Ra2+ 61. Ne2+ Kd3 62. Rd6+ Ke4 63. Rxh6 Kd3 64. Rd6+ Ke4 65.
Rd4+ Ke5 66. Rc4 Rb2 67. Ke3 Rb3+ 68. Rc3 Rb4 69. Rc5+ Kf6 70. Nd4 Kg6 71. Rxf5
Rb2 72. Rf2 Rb1 73. Kf4 Kh5 74. Re2 Rf1+ 75. Ke3 Ra1 76. Rc2 Re1+ 77. Ne2 Rh1
78. Rd2 Kg5 79. Nd4 Re1+ 80. Re2 Ra1 81. Ne6+ Kf5 82. Nf4 Ra4 83. Rd2 Re4+ 84.
Kf2 Ra4 85. Rd5+ Kf6 86. Ke3 Ra2 87. Rd2 Ra4 88. Nd3 Kf5 89. Rf2+ Kg5 90. Rf4
Ra2 91. Nf2 Ra3+ 92. Ke2 Ra2+ 93. Kf1 Ra1+ 94. Kg2 1-0

[Event "IV Torneo A Natale Vomero"]
[Site "Napoli ITA"]
[Date "2007.12.13"]
[Round "5"]
[White "Schiappoli, Dario"]
[Black "Rosato, Luciano"]
[Result "0-1"]
[WhiteElo "1929"]
[BlackElo "2216"]
[PlyCount "48"]
[EventDate "2007.11.15"]

1. e4 c5 2. Nf3 a6 3. d4 cxd4 4. Nxd4 Nf6 5. Nc3 e5 6. Nb3 Bb4 7. Bd3 d5 8.
exd5 e4 9. Be2 Nxd5 10. Qd4 O-O 11. Bd2 Nxc3 12. bxc3 Bd6 13. Qxe4 Re8 14. Qf3
Nc6 15. Nd4 Ne5 16. Qd5 Rb8 17. c4 b6 18. Nc6 Nxc6 19. Qxc6 Bb7 20. Qa4 Qe7 21.
O-O-O b5 22. cxb5 Qxe2 23. bxa6 Qxa6 24. Qxa6 Bxa6 0-1

[Event "IV Torneo A Natale Vomero"]
[Site "Napoli ITA"]
[Date "2007.12.20"]
[Round "6"]
[White "Capozzoli, Silvio"]
[Black "Della Ragione, Achille"]
[Result "1/2-1/2"]
[WhiteElo "1972"]
[BlackElo "1997"]
[PlyCount "108"]
[EventDate "2007.11.15"]

1. e4 d5 2. exd5 Nf6 3. d4 Nxd5 4. c4 Nb6 5. Nf3 Bg4 6. c5 N6d7 7. Qb3 b6 8.
Ng5 e6 9. Bd3 Be7 10. Be4 c6 11. Nf3 Nf6 12. cxb6 axb6 13. Nc3 Nxe4 14. Nxe4
Bxf3 15. Qxf3 Qxd4 16. O-O O-O 17. Rd1 Qc4 18. b3 Qb5 19. a4 Qf5 20. Qe2 Ra5
21. Bb2 Rd5 22. Ng3 Qg6 23. Rxd5 cxd5 24. Qb5 Bc5 25. b4 Bd6 26. Qxb6 Bxg3 27.
hxg3 Qc2 28. Qd4 f6 29. a5 Nc6 30. Qc3 Qxc3 31. Bxc3 Rb8 32. a6 d4 33. Bd2 Na7
34. Ra5 Rb6 35. Kf1 Kf7 36. Ke2 Ke7 37. Kd3 e5 38. b5 Rxb5 39. Rxb5 Nxb5 40.
Kc4 Nc7 41. a7 Kd7 42. Kc5 Na8 43. f4 Kc7 44. fxe5 fxe5 45. Kd5 Kb7 46. Kxe5
Kxa7 47. Kxd4 Kb7 48. Ke5 Nc7 49. Kd6 Kc8 50. Ke7 Nd5+ 51. Kf7 Kd7 52. Kxg7 Ke6
53. Kxh7 Kf5 54. Kh6 Kg4 1/2-1/2